| Tag |
First Indicator |
Second Indicator |
Subfields |
| LEADER |
00000cam a2200000 a 4500 |
| 001 |
in00000000084 |
| 005 |
20150930090010.0 |
| 007 |
he bmb024bbca |
| 008 |
980806s1997 alua bb f001 0 eng d |
| 035 |
|
|
|a (OCoLC)ocm39884206
|
| 035 |
|
|
|9 AHS6801AM
|
| 040 |
|
|
|d OCL
|d SPI
|d GPO
|d DLC
|d MvI
|d UtOrBLW
|
| 043 |
|
|
|a n-us---
|
| 049 |
|
|
|a UMIC
|
| 050 |
0 |
0 |
|a UG643
|b .D37 1997
|
| 074 |
|
|
|a 0422-K (MF)
|
| 086 |
0 |
|
|a D 301.26/6:AR 2/2
|z D 301.26/2:AR 2/2
|
| 096 |
|
|
|a UG 643 D229a 1997
|
| 100 |
1 |
|
|a Daso, Dik A.,
|d 1959-
|
| 245 |
1 |
0 |
|a Architects of American air supremacy :
|b Gen. Hap Arnold and Dr. Theodore von Kármán /
|c Dik A. Daso.
|
| 246 |
3 |
|
|a General Hap Arnold and Dr. Theodore von Karman
|
| 264 |
|
1 |
|a Maxwell Air Force Base, Ala. :
|b Air University Press,
|c [1997]
|
| 300 |
|
|
|a xxvi, 461 pages :
|b illustrations ;
|c 24 cm.
|
| 336 |
|
|
|a text
|b txt
|2 rdacontent
|
| 337 |
|
|
|a microform
|b h
|2 rdamedia
|
| 338 |
|
|
|a microfiche
|b he
|2 rdacarrier
|
| 500 |
|
|
|a Shipping list number: 98-0937-M.
|
| 500 |
|
|
|a "September 1997."
|
| 500 |
|
|
|a Shipping List #: 98-0837-M
|
| 500 |
|
|
|a Shipping List Date: 07/13/98
|
| 504 |
|
|
|a Includes bibliographical references (pages 435-454).
|
| 500 |
|
|
|a Includes index.
|
| 533 |
|
|
|a Microfiche.
|b [Washington, D.C.] :
|c Supt. of Docs., U.S. G.P.O.,
|d [1998]
|e 6 microfiches : negative.
|
| 500 |
|
|
|a Microform.
|
| 600 |
1 |
0 |
|a Arnold, Henry Harley,
|d 1886-1950.
|
| 600 |
1 |
0 |
|a Von Kármán, Theodore,
|d 1881-1963.
|
| 650 |
|
0 |
|a Air power
|z United States
|x History.
|
| 650 |
|
0 |
|a Aeronautics, Military
|x Research
|z United States
|x History.
|
| 710 |
2 |
|
|a Air University (U.S.).
|b Press.
|
| 999 |
|
|
|a MARS
|
| 999 |
f |
f |
|s fa7dbadf-3fd9-3661-befb-38c112e6ddb1
|i 69634105-fdb9-34d0-8852-4508fa5c514f
|t 0
|
| 952 |
f |
f |
|p normal
|a Texas A&M University
|b College Station
|c Sterling C. Evans Library
|d Evans: US Documents (Annex 5th floor)
|t 0
|e D 301.26/6:AR 2/2
|h Superintendent of Documents classification
|i microform -- microfiche
|m A14824435486
|
| 952 |
f |
f |
|p normal
|a Texas A&M University
|b College Station
|c Sterling C. Evans Library
|d Evans: US Documents Microfiche (3rd floor)
|t 0
|e D 301.26/6:AR 2/2
|h Superintendent of Documents classification
|i microform -- microfiche
|m A14830989281
|
| 998 |
f |
f |
|a D 301.26/6:AR 2/2
|t 0
|l Evans: US Documents Microfiche (3rd floor)
|
| 998 |
f |
f |
|a D 301.26/6:AR 2/2
|t 0
|l Evans: US Documents (Annex 5th floor)
|